Estadísticas para Capitales de Asia

Haz click aquí para tomar la prueba!

Estadísticas generales

  • Esta prueba ha sido tomada 9.320 veces
  • La puntuación promedio es 33 de 48

Estadísticas de respuestas

PaísCapital% Correcto
ChinaPekín
95%
JapónTokio
95%
Corea del SurSeúl
94%
IndiaNueva Delhi
91%
IsraelJerusalén
87%
TurquíaAnkara
86%
SingapurSingapur
85%
IránTeherán
84%
FilipinasManila
84%
Corea del NortePionyang
84%
AfganistánKabul
84%
IrakBagdad
82%
SiriaDamasco
81%
KuwaitKuwait
81%
ChipreNicosia
80%
Emiratos Árabes UnidosAbu Dhabi
79%
TailandiaBangkok
79%
Arabia SauditaRiad
79%
IndonesiaYakarta
79%
MongoliaUlán Bator
77%
MalasiaKuala Lumpur
75%
TaiwanTaipéi
75%
LíbanoBeirut
74%
AzerbaiyánBakú
73%
VietnamHanói
73%
PakistánIslamabad
73%
CatarDoha
73%
NepalKatmandú
71%
BangladésDaca
69%
JordaniaAmán
67%
ArmeniaEreván
65%
GeorgiaTiflis
65%
KazajistánNursultán
64%
YemenSaná
57%
CamboyaNom Pen
56%
LaosVientián
54%
OmanMascate
53%
MaldivasMalé
52%
Timor OrientalDili
51%
BaréinManama
50%
ButánTimbu
47%
KirguistánBiskek
47%
BruneiBandar Seri Begawan
45%
UzbekistánTaskent
44%
BirmaniaNaipyidó
43%
Sri LankaSri Jayawardenepura Kotte
41%
TayikistanDusambé
38%
TurkmenistánAsjabad
37%

Distribución de puntuación

Porcentaje por número respondido

Porcentaje de gente con cada puntuación

Historial de tus puntuaciones

No has tomado esta prueba